Flora privata di Capri /
Uloženo v:
| Hlavní autor: | |
|---|---|
| Další autoři: | |
| Médium: | Kniha |
| Jazyk: | italština |
| Vydáno: |
Capri :
La conchiglia,
stampa 2003
|
| Vydání: | Rist. critica e aggiornata / |
| Edice: | Astrea ;
5 |
| Témata: | |
| Tagy: |
Žádné tagy, Buďte první, kdo vytvoří štítek k tomuto záznamu!
|
MARC
| LEADER | 00000nam a2200000 i 4500 | ||
|---|---|---|---|
| 001 | IT\ICCU\BVE\0339647 | ||
| 003 | ItRI | ||
| 005 | 20250724102338.0 | ||
| 008 | 040528s2003 it |||||| ||||| |||||c | ||
| 015 | |2 IT |a 2004-9872 | ||
| 020 | |a 8886443625 | ||
| 040 | |b ita |c ct | ||
| 041 | 7 | |a ita |2 ISO-639-2 | |
| 100 | 1 | |a Cerio, Edwin |0 IT\ICCU\LO1V\044436 |4 aut | |
| 245 | 1 | 0 | |a Flora privata di Capri / |c Edwin Cerio. |
| 250 | |a Rist. critica e aggiornata / |b a cura di Francesco Corbetta | ||
| 260 | |a Capri : |b La conchiglia, |c stampa 2003 | ||
| 300 | |a 188 p. : |b ill. ; |c 18x20 cm. | ||
| 650 | 7 | |a Flora |x Capri <isola> |2 scbi | |
| 700 | 1 | |a Corbetta, Francesco, |d (1932-2019) |0 IT\ICCU\RERV\004380 | |
| 830 | 0 | |a Astrea ; |v 5 |0 IT\ICCU\CFI\0523704 | |
| 942 | |2 ddc |c BK | ||
| 952 | |0 0 |1 0 |2 ddc |4 0 |7 0 |9 7256 |a MI |b MI |d 2010-01-20 |i 5771 |l 0 |p CDOM5771 |r 2025-07-13 16:28:34 |w 2025-07-13 |x ACQUISTO |y BK | ||
| 981 | 1 | |6 z01 |a i |b xxxe | |
| 982 | 1 | |6 z01 |a n | |
| 999 | |c 5964 |d 5964 | ||